| 000 | 00495cam a2200193ua 4500 | ||
|---|---|---|---|
| 020 | _c5.50 | ||
| 041 |
_amal _h |
||
| 082 |
_a604.2 _bENG/RA |
||
| 100 | _aRanga Swami, K S . | ||
| 245 |
_aEngineering varappu / _cK S Ranga Swami. _hTextual Documents |
||
| 250 |
_a1 / _b. |
||
| 260 |
_aThiruvananthapuram : _bState Instititute of Languages , _c1970. |
||
| 300 | _a291 ; . | ||
| 365 | _a5.50 | ||
| 504 | _a | ||
| 700 | 1 | _aSarbadhikari, Sinha. | |
| 942 | _cBK | ||
| 999 |
_c10941 _d10941 |
||